Catálogo

Formulación y evaluación de proyectos agropecuarios : (Registro nro. 26814)

Detalles MARC
000 -LEADER
fixed length control field 01403cam a2200337 i 4500
001 - CONTROL NUMBER
control field 26814
003 - CONTROL NUMBER IDENTIFIER
control field Mx-PuUPA
005 - DATE AND TIME OF LATEST TRANSACTION
control field 20250331090008.0
008 - FIXED-LENGTH DATA ELEMENTS--GENERAL INFORMATION
fixed length control field 140415s2019 ck a gr 000 0 spa d
020 ## - INTERNATIONAL STANDARD BOOK NUMBER
International Standard Book Number 9789587718317
040 ## - CATALOGING SOURCE
Transcribing agency Mx-PuUPA
Original cataloging agency Mx-PuUPA
Language of cataloging spa
Modifying agency Mx-PuUPA
Description conventions rda
041 0# - LANGUAGE CODE
Language code of text/sound track or separate title spa
100 1# - MAIN ENTRY--PERSONAL NAME
Personal name Puentes Montañez, Gloria Acened,
Relator term autor
9 (RLIN) 16830
245 10 - TITLE STATEMENT
Title Formulación y evaluación de proyectos agropecuarios :
Remainder of title estructura del proyecto agropecuario, con enfoque de marco lógico /
Statement of responsibility, etc. Gloria Acened Puentes Montañez, Daniel Fernando Prieto Puentes, Leidy Sofía Caro González
250 ## - EDITION STATEMENT
Edition statement Segunda edición /
Remainder of edition statement agosto
264 #1 - PRODUCTION, PUBLICATION, DISTRIBUTION, MANUFACTURE, AND COPYRIGHT NOTICE
Place of production, publication, distribution, manufacture Bogotá:
Name of producer, publisher, distributor, manufacturer ECOE ediciones,
Date of production, publication, distribution, manufacture, or copyright notice 2019
300 ## - PHYSICAL DESCRIPTION
Extent 173 páginas :
Other physical details ilustraciones, diagramas, tablas ;
Dimensions 24 cm
336 ## - CONTENT TYPE
Fuente rdacontent
Content type term texto
Content type code txt
337 ## - MEDIA TYPE
Source rdamedia
Media type term sin medio
Media type code n
338 ## - CARRIER TYPE
Source rdacarrier
Carrier type term volumen
Carrier type code nc
490 0# - SERIES STATEMENT
Series statement Colección Ciencias naturales
490 0# - SERIES STATEMENT
Series statement Ciencias Agrarias
650 #7 - SUBJECT ADDED ENTRY--TOPICAL TERM
Source of heading or term armarc
Topical term or geographic name entry element Administración de proyectos
General subdivision Agricultura
650 #7 - SUBJECT ADDED ENTRY--TOPICAL TERM
Source of heading or term armarc
Topical term or geographic name entry element Evaluación de proyectos
General subdivision Agricultura
700 1# - ADDED ENTRY--PERSONAL NAME
Personal name Prieto Puentes, Daniel Fernando,
Relator term colaborador
700 1# - ADDED ENTRY--PERSONAL NAME
Personal name Caro González, Leidy Sofía,
Relator term colaborador
942 ## - ADDED ENTRY ELEMENTS (KOHA)
Source of classification or shelving scheme Dewey Decimal Classification
Koha item type Libro
Classification part 658.404
Item part P77
Existencias
Withdrawn status Lost status Source of classification or shelving scheme Damaged status Not for loan Collection code Home library Current library Shelving location Date acquired Source of acquisition Cost, normal purchase price Total Checkouts Full call number Barcode Date last seen Copy number Cost, replacement price Price effective from Koha item type
    Dewey Decimal Classification     General Biblioteca Karol Wojtyla Biblioteca Karol Wojtyla Sala general 04/03/2025 25 2760.00   658.404 P77 2019 105933 05/01/2026 Ej.2 2760.00 04/03/2025 Reserva permanente
    Dewey Decimal Classification     General Biblioteca Karol Wojtyla Biblioteca Karol Wojtyla Sala general 04/03/2025 25 2760.00   658.404 P77 2019 105932 05/01/2026   2760.00 04/03/2025 Reserva permanente